000 00625nam a2200241Ia 4500
003 OSt
005 20221007071910.0
006 a|||||r|||| 00| 0
007 ta
008 221006b |||||||| |||| 00| 0 eng d
024 _a10,199
037 _cTextual
040 _aFLL
_cFLL
_beng
041 _2eng
_aeng
082 _aZ1, G72
100 _aLawrence T.J. Au.
_9689642
245 0 _aPrinciples of international law
250 _a7th
260 _aLondon
_bMacmillan & comp. London
_c1937
300 _axix,766p
_ccm.
942 _hZ1, G72
_cTEXL
_2CC
999 _c1144613
_d1144613